000
00277nam a22001337a 4500
003
SGT
082
_a
616.7075
_b
M09H
100
_a
HELMS,CLYDE A
245
_a
MUSCULOSKELETAL MRI
250
_a
2ND
260
_a
PHILADELPHIA
_b
SANDERS
_c
2009
300
_a
442
942
_2
ddc
_c
BK
999
_c
14311
_d
14311